000 00533nam a2200181 a 4500
005 20140310183206.0
008 030123s19uu xx 00 eng d
050 _aRA 409
_b.F65 2002
100 _aFowler, Jim
245 _aPractical Statistics for Nursing & Health Care. /
_cJim Fowler.
260 _aEngland.
_bJohn Wiley & Sons, Ltd.
_cc2002.
300 _axv, 213 p. :
_c18 cm.
521 _aNUR
650 _aMedical Statistics
650 _aNursing-research-statistical methods
942 _cBK
_2lcc
_kFOR
999 _c19998
_d19998